|
|
|
|
| LEADER |
00851nab a2200217 i 4500 |
| 001 |
publ20528 |
| 005 |
20210208114158.0 |
| 008 |
210202s2018 hu o 0|| zxx d |
| 022 |
|
|
|a 0180-7307
|
| 024 |
7 |
|
|a 10.3917/reru.182.0389
|2 doi
|
| 024 |
7 |
|
|a 3357971
|2 mtmt
|
| 040 |
|
|
|a SZTE Publicatio Repozitórium
|b hun
|
| 041 |
|
|
|a zxx
|
| 100 |
1 |
|
|a Kotosz Balázs
|
| 245 |
1 |
4 |
|a Les problèmes méthodologiques de la mesure des impacts économiques locaux des universités
|h [elektronikus dokumentum] /
|c Kotosz Balázs
|
| 260 |
|
|
|c 2018
|
| 300 |
|
|
|a 389-415
|
| 490 |
0 |
|
|a REVUE D'ECONOMIE REGIONALE ET URBAINE
|v 2018 No. 2
|
| 700 |
0 |
2 |
|a Marie-France Gaunard-Anderson
|e aut
|
| 700 |
0 |
2 |
|a Lukovics Miklós
|e aut
|
| 856 |
4 |
0 |
|u http://publicatio.bibl.u-szeged.hu/20528/1/Lesproblemesmethodologiquesdelamesuredesimpactseconomiqueslocauxdesuniversites.pdf
|z Dokumentum-elérés
|